000 00696nam a2200145Ia 4500
008 100122s9999 xx 000 0 und d
082 _b1416
_a823
100 _aभिडे भि गो
245 _aगिरणी कामगारांचा अपुर्व अर्यात परिवर्तन विजय
260 _bप्रकाशक शोधणे
_c1924
300 _a55
630 _aगिरणी कामगारांचा अपुर्व अर्यात परिवर्तन विजय
730 _aगिरणी कामगारांचा अपुर्व अर्यात परिवर्तन विजय
942 _cBOOK
999 _c396149
_d396146